000 00489nmm a2200157Ia 4500
008 251105s9999||||xx |||||||||||||||||und||
020 _a9789588371559
041 _aspa
100 _aChavarro Cadena, Jorge Enrique
245 0 _aEstatuto orgánico del sistema financiero colombiano
264 _a[Bogotá, Colombia] :
_bNueva Legislacion,
_c2011
300 _a782 páginas
650 _aEconomics and Business
856 _uhttps://public.digitaliapublishing.com/a/13617
942 _cCF
999 _c96582
_d96582